| 000 | nam a22 7a 4500 | ||
|---|---|---|---|
| 999 |
_c174664 _d174664 |
||
| 003 | Nust | ||
| 005 | 20170206140302.0 | ||
| 008 | 170206b xxu||||| |||| 00| 0 eng d | ||
| 040 | _c0 | ||
| 050 | _a628 HAQ | ||
| 082 | _a628 HAQ | ||
| 100 | _aHaq,Muhammad Rizwan Ul | ||
| 245 |
_aWater Saving Through Design Improvement in Toilet Cistern _cMuhammad Rizwan Ul Haq |
||
| 260 |
_aRawalpindi _bIESE (SCEE) NUST _c2005. |
||
| 300 |
_a82 p. _bHB. |
||
| 440 | _aMS Environmental Engineering | ||
| 500 | _aThesis MS EE | ||
| 650 | _aEnvironmental Engineering | ||
| 700 | _aDr. M Anwar Baig (Supervisor) | ||
| 942 |
_2ddc _cTHE _kIESE |
||